Új kontaktpotenciál mérőmódszer és biofizikai alkalmazásai

Elmentve itt :
Bibliográfiai részletek
Szerző: Gárgyán József
További közreműködők: nincs megadva (Témavezető)
Dokumentumtípus: Disszertáció
Megjelent: 1980
Kulcsszavak:Fizika
Tárgyszavak:
Online Access:http://doktori.ek.szte.hu/7301
LEADER 00692nta a2200205 i 4500
001 dokt7301
005 20220721085957.0
008 220721s1980 hu om 0|| hun d
040 |a SZTE Doktori Repozitórium  |b hun 
041 |a hun 
100 1 |a Gárgyán József 
245 1 0 |a Új kontaktpotenciál mérőmódszer és biofizikai alkalmazásai  |h [elektronikus dokumentum] /  |c  Gárgyán József 
260 |c 1980 
502 |a Disszertacio 
650 4 |a fizikai tudományok 
650 4 |a Természettudományok 
650 4 |a Fizikai tudományok 
695 |a Fizika 
700 1 |a nincs megadva  |e ths 
856 4 0 |u https://doktori.bibl.u-szeged.hu/id/eprint/7301/1/1980_gargyan_jozsef.pdf  |z Dokumentum-elérés